000 00398cam a2200145ua 4500
041 _amal
_h
082 _a894.8121
_bNAR/KE
100 _aNarayanan Nair, Pala.
245 _aKeralam valarunnu, Part-5 /
_cPala Narayanan nair.
_hTextual Documents
260 _aKottayam :
_bSahitya Pravarthaka Co-operative Society ,
_c1962.
300 _a71 ; .
504 _a
942 _cBK
999 _c5118
_d5118